C curve fitting and modeling for scuentists and engineers /

Gespeichert in:
Bibliographische Detailangaben
1. Verfasser: Reich, Jens G (Verfasst von)
Format: Buch
Sprache:Englisch
Veröffentlicht: New York : McGraw-Hill, 1992
Ausgabe:1.ed.
Schlagworte:
Tags: Tag hinzufügen
Keine Tags, Fügen Sie das erste Tag hinzu!

MARC

LEADER 00000nam a22000003a 4500
001 stu6263
005 20150617225807.8
008 940628s1992----xxu-----------------eng-d
020 |a 0-07-051761-4 
040 |a STU  |b slo 
041 0 |a eng 
044 |a xxu 
080 |a 681.32.05 
080 |a 519.688  |7 stu_us_auth*stu10069 
100 1 |a Reich, Jens G  |4 aut 
245 1 |a C curve fitting and modeling for scuentists and engineers /  |c [aut.] Reich,Jens G 
250 |a 1.ed. 
260 |a New York :  |b McGraw-Hill,  |c 1992 
300 |a 240 s :  |b disketa 
650 7 |a programovanie  |2 stusub 
650 7 |a spracovanie dát  |2 stusub 
650 7 |a krivky  |2 stusub 
996 |c I*16TJ4869  |l I  |s A  |a 24  |w stu6263_0001